000 00656cam a2200241 4500
008 090401t1990 xxu||||| |||| 00| 0 eng d
020 _a0632026812
035 _a(Sirsi) u66260
041 _aeng
050 _a692.8
110 _aAqua Group
_9865
245 _aTenders and contracts for building
250 _a2nd ed.
260 _aOxford
_bBSP Professional Books
_c1990
300 _a128p. : ill. ; 24cm.
350 _a10.95
520 _aSUPERSEDED BY 3RD EDITION 1999 (ISBN 063204277X)
650 _aBUILT ENVIRONMENT-BUILDING CONTRACT FORMS
650 _aSERIAL CONTRACTING
650 _aTENDERING
942 _n0
948 _c04/03/1997
999 _c94839
_d94839